008770000a220012100045001000040000002450142000402600025001823000012002075000058002195020092002775200381003690010005007501 aLabrador Jaraba, Benjamín Ricardo10aLa necesidad del discipulado en las iglesias de la denominación A.I.E.C. de la ciudad de Sincelejo / Benjamín Ricardo Labrador Jaraba aMedellín, Colombia a105 Pag aTesis (licenciatura)--Seminario Bíblico de Colombia aPresidente de Jurado: Donaldo Sendek; Jurado: Ana Maria Voelkel; Jurado: Milton Acosta a- Análisis de la situación con respecto al discipulado en la denominacion Asociación de la Iglesias Evangelicas del Caribe (A. I.E.C) en la ciudad de Sincelejo - Naturaleza Bíblica del discipulo - Alternativa Bíblica del discipulado - Alternativa practica para organizar el discipulado en las iglesias de la A.I.E.C de Sincelejo a la luz de los principios Bíblicos3476